Filosofía y producciones digitales
Uloženo v:
| Hlavní autor: | |
|---|---|
| Médium: | Kniha |
| Jazyk: | španělština |
| Vydáno: |
Santiago
Universidad de Chile
2006
|
| Edice: | Teoría, 15
|
| Témata: | |
| Tagy: |
Přidat tag
Žádné tagy, Buďte první, kdo vytvoří štítek k tomuto záznamu!
|
MARC
| LEADER | 00000nam a2200000 a 4500 | ||
|---|---|---|---|
| 001 | UCG1270 | ||
| 003 | CL-VaPUC | ||
| 008 | 100429e20060000CL |||||||||||||||||spa|d | ||
| 020 | |a 9561905191 | ||
| 082 | 0 | 4 | |a 700.105 |b SCH |2 21 |
| 100 | 0 | |a Schultz, Margarita |e author |9 549114 | |
| 245 | 1 | 0 | |a Filosofía y producciones digitales |
| 300 | |a 168 p | ||
| 942 | |c BK | ||
| 945 | |d 20100429 00:00:00 |a rbrito | ||
| 260 | |a Santiago |b Universidad de Chile |c 2006 | ||
| 650 | 0 | |a Filosofía del arte |9 264951 | |
| 650 | 7 | |a CIBERCULTURA |2 CL-VaPUC |9 549115 | |
| 650 | 0 | |a Creatividad |9 310816 | |
| 650 | 0 | |a Estética |9 264950 | |
| 650 | 0 | |a Informática |9 260044 | |
| 583 | |a last modification |c 20121002 11:22:05 |k Rodrigo Vera | ||
| 490 | 0 | |a Teoría, 15 | |
| 999 | |c 340675 |d 340673 | ||
| 952 | |0 0 |1 0 |4 0 |6 700_105000000000000_SCH_2006 |7 0 |8 A |9 435606 |a BIBART |b BIBART |d 2019-11-22 |i 4665236 |o 700.105 SCH 2006 |p 4665236 |r 2025-03-13 |w 2019-11-22 |y BK |k ART | ||